000 00481cam a2200193ua 4500
001 4689
008 190409n1991 II |||gr||||Z||||||eng
040 _aMAIN
041 _aEnglish
041 _aeng
100 _aORANGLE, T. S.
245 _aA CENTURY OF GOVERNMENT AND POLITICS IN NORTH EAST INDIA
260 _aNEW DELHI
_bS.CHAND & COMPANY
_c1991
300 _a297:
_c20CM.
653 _aReference Books
700 _aDEVI,BIMAL.
700 _aRAO, V. VENKETA.
942 _cBK
999 _c4676
_d4676